Pearson IIT Foundation Chemistry 2023 / (Record no. 198255)

MARC details
000 -LEADER
fixed length control field 00576nam a22001817a 4500
005 - DATE AND TIME OF LATEST TRANSACTION
control field 20230918113333.0
010 ## - LCCN (DPL NO)
LC control number ENG-138076
020 ## - INTERNATIONAL STANDARD BOOK NUMBER
International Standard Book Number 9789356069497
Terms of availability 400.00
035 ## - SYSTEM CONTROL NUMBER
System control number EN-121608
037 ## - SOURCE OF ACQUISITION
Source of stock number/acquisition DBAD/PUB
082 ## - DEWEY DECIMAL CLASSIFICATION NUMBER
Classification number 540
245 ## - TITLE STATEMENT
Title Pearson IIT Foundation Chemistry 2023 /
260 ## - PUBLICATION, DISTRIBUTION, ETC. (IMPRINT)
Place of publication, distribution, etc Uttar Pradesh
Name of publisher, distributor, etc Pearson India Education Services Pvt. Ltd.
Date of publication, distribution, etc 2023
270 ## - ADDRESS
Address 1st Floor, Berger Tower, Plot No. C-001A/2, Sector 16B
City Noida (Uttar Pradesh)
Postal code 201301
300 ## - PHYSICAL DESCRIPTION
Extent v.p
Dimensions 28cm(pbk)
500 ## - GENERAL NOTE
General note For Class 9th
942 ## - ADDED ENTRY ELEMENTS (KOHA)
Source of classification or shelving scheme Dewey Decimal Classification
Item type English Books
Classification part 540
Call number suffix IIT
Holdings
Withdrawn status Lost status Not for loan Collection code Home library Current library Date acquired Source of acquisition Cost, normal purchase price Full call number Barcode Copy number Cost, replacement price Koha item type
      Non-fiction Tri Nagar Tri Nagar 18/09/2023 DBAD/PUB 400.00 540 IIT EN-121608 1 400.00 English Books

© Delhi Public Library
Hit Counter
free hit counter